100 casas unifamiliares de la arquitectura del siglo XX /

Se ofrecen aquí cien ejemplos de casas divididas en dos periodos 1900-1944 y 1945-1990, y proceden de una gran variedad de países.

Guardat en:
Dades bibliogràfiques
Autor principal: Dunster, David (autor)
Format: Llibre
Idioma:espanyol
Publicat: México : Gustavo Gili, 1994
Matèries:
Etiquetes: Afegir etiqueta
Sense etiquetes, Sigues el primer a etiquetar aquest registre!

MARC

LEADER 00000nam^a2200000^a^4500
001 000042631
005 20250521000000.0
009 20260310085742.825
020 |a 968-887-246-6 
037 |a Acervo ITESO - Biblioteca 
041 |a ESP 
082 |a 728. 37  |b DUN 
100 |a Dunster, David  |e (autor) 
245 1 0 |a 100 casas unifamiliares de la arquitectura del siglo XX /  |c David Dunster; tr. de Carlos Sáenz de Valicourt. 
264 1 |a México :  |b Gustavo Gili,  |c 1994 
300 |a 181 p. 
336 |a texto  |b txt  |2 rdacontenido 
337 |a sin mediación  |b n  |2 rdamedio 
338 |a volumen  |b nc  |2 rdasoporte 
500 |a Traducción de: Key Buildings of the twentieth Century 
520 |a Se ofrecen aquí cien ejemplos de casas divididas en dos periodos 1900-1944 y 1945-1990, y proceden de una gran variedad de países. 
649 |a XX 
650 |a Arquitectura 
650 |a Vivienda Unifamiliar 
910 |a Fondo General 
920 |a Impresos - Libros 
930 |a Reserva Especial 
905 |a 103 
901 |a 0426310100  |b IT1  |c REE  |i 042631  |u 20250521 
902 |a https://opac.biblio.iteso.mx/vufind/Record/000042631